000 00917cam a2200289 a 4500
001 5547
003 FISKH
005 20241217122541.0
008 090611s2010 nyua j b 001 0beng
010 _a 2009024238
020 _a9781402771521 (hardcover)
020 _a9781402763649 (pbk.)
040 _aDLC
_cDLC
_dDLC
_beng
050 _aGV1132.A4
082 _a796.83092
100 1 _aTimblin, Stephen.
245 1 0 _aMuhammad Ali :
_bking of the ring /
_cStephen Timblin.
260 _aNew York :
_bSterling,
_c2010.
300 _a124 pages :
_bcolor illustration ;
_c20 cm
490 0 _aSterling biographies
520 _aA biography of famous boxer Muhammad Ali.
600 1 0 _aAli, Muhammad,
_d1942-2016
_vJuvenile literature.
650 0 _aBoxers (Sports)
_zUnited States
_vBiography
_vJuvenile literature.
906 _a7
_bcbc
_corignew
_d1
_eecip
_f20
_gy-gencatlg
942 _2ddc
_cBK
_n0
999 _c5547
_d5547